BIBLIOTECA

SENCICO

Upcycle : (Registro nro. 3832)

Detalles MARC
000 -LEADER
fixed length control field 00745nam a22002417a 4500
003 - CONTROL NUMBER IDENTIFIER
control field PE SENCICO BE
005 - DATE AND TIME OF LATEST TRANSACTION
control field 20251020182626.0
008 - FIXED-LENGTH DATA ELEMENTS--GENERAL INFORMATION
fixed length control field 230217b |||||||| |||| 00| 0 eng d
020 ## - INTERNATIONAL STANDARD BOOK NUMBER
International Standard Book Number 978-84-252-2826-1
040 ## - CATALOGING SOURCE
Original cataloging agency PE SENCICO BE
Transcribing agency PE SENCICO BE
041 ## - LANGUAGE CODE
Language code of text/sound track or separate title spa
082 ## - DEWEY DECIMAL CLASSIFICATION NUMBER
Classification number 628.44
Item number P87
100 1# - MAIN ENTRY--PERSONAL NAME
9 (RLIN) 628
Personal name Proctor, Rebecca
Relator term autor
245 1# - TITLE STATEMENT
Title Upcycle :
Remainder of title más que reciclaje, 24 proyectos DIY para el hogar /
Statement of responsibility, etc. Rebecca Proctor
250 ## - EDITION STATEMENT
Edition statement [1a ed.]
260 ## - PUBLICATION, DISTRIBUTION, ETC.
Place of publication, distribution, etc. Barcelona:
Name of publisher, distributor, etc. Gustavo Gili,
Date of publication, distribution, etc. 2015
300 ## - PHYSICAL DESCRIPTION
Extent 143 p. :
Other physical details il. col., diagrs.
Dimensions 24 cm.
650 14 - SUBJECT ADDED ENTRY--TOPICAL TERM
9 (RLIN) 629
Topical term or geographic name entry element Reciclaje
650 24 - SUBJECT ADDED ENTRY--TOPICAL TERM
9 (RLIN) 630
Topical term or geographic name entry element Artesanía
650 24 - SUBJECT ADDED ENTRY--TOPICAL TERM
9 (RLIN) 631
Topical term or geographic name entry element Manualidades
910 ## - USER-OPTION DATA (OCLC)
-- hfp
-- hfp
942 ## - ADDED ENTRY ELEMENTS (KOHA)
Source of classification or shelving scheme Dewey Decimal Classification
Koha item type Libros
Classification part 628.44
Item part P87
Existencias
Fecha de la última vez que lo usaron Número de ingreso o de inventario Pago total Signatura topográfica completa Precio efectivo desde Tipo de documento Estado perdido Sistema de clasificación Estado dañado No es para préstamo Retirado Ubicación permanente Ubicación actual Fecha de adquisición
17/02/2023 16481   628.44/P87 17/02/2023 Libros   Dewey Decimal Classification       Biblioteca Central Lima Biblioteca Central Lima 17/02/2023